Vệ sinh và an toàn thực phẩm
Spremljeno u:
| Glavni autor: | |
|---|---|
| Format: | Knjiga |
| Jezik: | Undetermined |
| Izdano: |
Tp. HCM
Trường Đại Học Kỹ Thuật
|
| Teme: | |
| Oznake: |
Dodaj oznaku
Bez oznaka, Budi prvi tko označuje ovaj zapis!
|
| Thư viện lưu trữ: | Trung tâm Học liệu Trường Đại học Cần Thơ |
|---|
| LEADER | 00569nam a2200157Ia 4500 | ||
|---|---|---|---|
| 001 | CTU_35955 | ||
| 008 | 210402s9999 xx 000 0 und d | ||
| 082 | |a 664.028 | ||
| 082 | |b L561 | ||
| 100 | |a Nguyễn Đức Lượng | ||
| 245 | 0 | |a Vệ sinh và an toàn thực phẩm | |
| 245 | 0 | |c Nguyễn Đức Lượng, Phạm Minh Tâm | |
| 260 | |a Tp. HCM | ||
| 260 | |b Trường Đại Học Kỹ Thuật | ||
| 650 | |a food - biotechnology,food - industry and trade,food - preservation | ||
| 980 | |a Trung tâm Học liệu Trường Đại học Cần Thơ | ||